Statistics for Romantic Comedy Costars Quiz

Click here to take the quiz!

General Stats

  • This quiz has been taken 15,722 times
    (13,128 since last reset)
  • The average score is 11 of 21

Answer Stats

Co-StarsMovie% Correct
Julia Roberts + Richard GerePretty Woman
87%
Drew Barrymore + Adam Sandler50 First Dates
76%
Tom Hanks + Meg RyanSleepless in Seattle
71%
Tom Hanks + Meg RyanYou've Got Mail
71%
Will Smith + Eva MendesHitch
70%
Ellen Page + Michael CeraJuno
70%
Seth Rogen + Katherine HeiglKnocked Up
69%
Julia Roberts + Hugh GrantNotting Hill
62%
Kate Hudson + Matthew McConaugheyHow to Lose a Guy in 10 Days
56%
Julia Roberts + Richard GereRunaway Bride
50%
Jack Black + Gwyneth PaltrowShallow Hal
50%
Bill Murray + Andie McDowellGroundhog Day
49%
Drew Barrymore + Adam SandlerThe Wedding Singer
46%
Ben Stiller + Jennifer AnistonAlong Came Polly
43%
Jennifer Lopez + Matthew McConaugheyThe Wedding Planner
43%
Jack Nicholson + Helen HuntAs Good as It Gets
35%
Drew Barrymore + Adam SandlerBlended
29%
Kate Hudson + Matthew McConaugheyFool's Gold
25%
Mike Myers + Nancy TravisSo I Married an Axe Murderer
23%
Kevin Costner + Rene RussoTin Cup
22%
Tom Hanks + Meg RyanJoe Versus the Volcano
21%

Score Distribution

Percentile by Number Answered

Percent of People with Each Score

Your Score History

You have not taken this quiz since the last reset